Quizzes
Events
Quiz Creation
Community
Videos
Private Events
Remove Ads
Sign In
Join for FREE
Feedback
Dark Mode
Quiz Categories
Sports
Geography
Music
Movies
Television
Just For Fun
Miscellaneous
History
Literature
Language
Science
Gaming
Entertainment
Religion
Holiday
For Kids
Quiz Lab
Recent
Popular Today
Quiz Kudos Today
Editor Picks
Curator Picks
Quizzes by...
Day
Popularity
Type
Ratings
Length
Year
Community
Subscriptions
Recent Discussions
Orange Saloon
Badges
Playlists
Quests
Create
Leaderboards
Showdown
Live 5
Trivia Bingo
Activity
Puzzle Library
Sporcle Events
Private Events
Virtual Trivia
Globe League
Become a Host
Pub Owners
SporcleCon
Opinionation
Our Games
Videos
Blog
Mobile Apps
Partnerships
Remove Ads and Go Orange
Feedback
Television
TV Characters
TV Show
Sitcom
Network
Friends
Reality Shows
Cast
South Park
Star Trek
The Simpsons
Doctor Who
Television
TV Characters
TV Show
Sitcom
Network
Friends
Reality Shows
Cast
South Park
Star Trek
The Simpsons
Doctor Who
Random Quiz
Search Sporcle
×
Quiz Lab
Quiz Lab
Television
University
Type in answers that appear in a list
Type in answers that appear in a list
Classic
Best Score? Go Orange.
College GameDay Campus Hosts Stats
Can you name the US colleges and universities which have hosted ESPN's College GameDay for football?
By
Spider
6m
64 Questions
193 Plays
193 Plays
193 Plays
Comments
Comments
Give Quiz Kudos
Give Quiz Kudos
-
- Ratings
hide this ad
More Info
Replay
Link that replays current quiz
Next Quiz
Link to next quiz in quiz playlist
You Got
0%
They Got
Avg Score
66%
Avg Friend Score
Upgrade to see
Score Distribution
Jump to the score distribution portion of the page
Score
0/64
Timer
06:00
0
Plays Today
Number of Times
School
% Correct
11
Florida State
91.5%
12
Alabama
91.5%
6
Texas
91.5%
12
Florida
91%
12
Michigan
91%
3
Georgia
90.5%
10
Southern California
89.4%
9
Oregon
89.4%
8
Notre Dame
86.2%
4
Texas A&M
86.2%
7
South Carolina
85.2%
10
Louisiana State
84.7%
4
Clemson
84.7%
8
Michigan State
83.6%
1
Pennsylvania
83.6%
13
Ohio State
82.5%
5
Wisconsin
82.5%
1
Washington
82.4%
4
Penn State
82%
1
Mississippi
82%
7
Oklahoma
81%
8
Auburn
81%
4
Oklahoma State
80.4%
8
Tennessee
75.7%
1
Stanford
75.7%
6
Miami (FL)
75.1%
1
UCLA
75.1%
6
Virginia Tech
74.6%
1
Oregon State
74.6%
1
Mississippi State
74%
6
Nebraska
73.5%
1
North Carolina
72.5%
Number of Times
School
% Correct
2
Georgia Tech
72%
2
Northwestern
72%
2
Pittsburgh
71.4%
2
Arizona
71.4%
2
North Dakota State
71.4%
2
Baylor
70.7%
1
Arizona State
70.4%
1
Texas Tech
68.8%
1
North Carolina State
67.2%
2
Iowa
66.7%
3
Colorado
66.1%
1
Arkansas
66.1%
2
Kansas State
65.6%
2
West Virginia
63%
1
Boise State
63%
3
Utah
62.4%
1
BYU
62.4%
1
Purdue
61.9%
1
Missouri
60.8%
1
Harvard
59.5%
2
Boston College
58.2%
1
Texas Christian
58.2%
1
Kentucky
57.1%
1
Army
54%
1
Houston
50.3%
1
Vanderbilt
50.3%
3
Air Force
48.1%
1
Temple
42.2%
1
James Madison
31.8%
1
Williams
21.7%
1
Bowling Green
19.6%
1
Florida A&M
15.9%
Quiz Playlist
Details
Report
Send in Message
Add To Playlist
More Info:
Only counts College Game Day locations which were on campus. As of the weekend of 11/14/2015.
Classic:
Type in answers that appear in a list
Quiz Source
Last Updated: Feb 16, 2017
Quiz Scoreboard
CHALLENGE
Sign Up to Join the Scoreboard
Show All
Scores
Hide
Comments
May contain spoilers
Recently Published
Popular People in 1961
by mucciniale
History
6m
1-10 Letter E Words III
by El_Dandy
Language
2m
One Thing in Common: World Cities II
by knightlancer
Geography
7m
More to Explore
Quiz From the Vault
Featured Blog Post
Where Did the Easter Bunny Come From?
hide this ad
You Might Also Like...
Tags
College Quiz
University Quiz
camp
ESPN
host
recent
school
Today's Top Quizzes in Television
Browse Television
hide this ad
Today's Top Quizzes in University
Browse University
Top Contributed Quizzes in Television
1
One Piece Logic Puzzle
2
Survivor Logic Puzzle: Heroes vs. Villains
3
Survivor Seasons
4
Survivor Season by Logo
5
Ultimate Survivor Logic Puzzle
6
Survivor Logic Puzzle: Winners at War
7
Survivor Trivia
8
Survivor Heroes vs. Villains Logic Puzzle
9
All US Survivor Seasons in Order
10
Emmerdale Characters (from August 2012)
Explore More
Trending Topics
Anime
Harry Potter
Marvel
Kpop
NBA
Disney
Crossword
NFL
Song
Pokémon
Soccer
Puzzle
The Office
WWE
Country
hide this ad
More By:
Spider
Quiz
Plays
Rating
Category
Featured
Created
UC System Team Mascots
2,834
4.00
Sports
Mar 8, 2010
'Perfect Day' Lyrics
1,592
4.83
Music
Oct 17, 2013
American Universities in the World Rankings
417
3.75
Miscellaneous
Apr 8, 2012
UNC and USC System Mascots
399
Sports
Apr 12, 2010
UW System Mascots
328
5.00
Sports
Mar 8, 2010
Go to Creator's Profile
Score Distribution
Quiz Creator Spotlight
Spider
Follow
Send a Message
Quizzes Created
-
Created Quiz Play Count
-
More By This Creator
Popular Quizzes Today
1
Find the US States - No Outlines Minefield
2
The Countries of the World
3
Popular People in 1961
4
Find the Countries of Europe - No Outlines Minefield
5
1-10 Letter E Words III
6
Find the US States
7
One Thing in Common: World Cities II
8
US States
More Television Quizzes
TV Shows by IMDb FAQ
Published
Trending Quizzes
1-10 Letter F Words
One Thing in Common: Music
1-10 Letter G Words
Risky Map Clicking: Next State Alphabetically
1-10 Letter F Words II
Recently Updated
Leaping Animals
pecheneg
Reality TV Shows (A-Z)
bhenderson79
Rickey Henderson's Hall of Fame Teammates
pecheneg
Champions League XIs: Arsenal
pecheneg
Quick Pick: Celebrities in WWE's Hall of Fame
aduchscher
A-Z Keypad Blitz II
pecheneg
Multiple Oscar Actors
pecheneg
Mystery Phrase Blitz: Oscar 'Best Actors'
pecheneg
F. Scott Fitzgerald Novels
LTH
Pick 3 Villains
ddd62291
Trending Topics
Harry Potter
Crossword
Anime
Kpop
Disney
NBA
Marvel
Puzzle
WWE
Pokémon
Country
Soccer
The Office
Song
NFL
Your Account Isn't Verified!
In order to create a playlist on Sporcle, you need to verify the email address you used during registration. Go to your
Sporcle Settings
to finish the process.
Report this User
Report this user for behavior that violates our
Community Guidelines
.
Details:
Send Report
Go to the Sporcle.com Mobile Site →
Comments